| 000 | 00384 a2200145 4500 | ||
|---|---|---|---|
| 999 |
_c12640 _d12640 |
||
| 003 | OSt | ||
| 005 | 20240430090035.0 | ||
| 008 | 240430b ||||| |||| 00| 0 eng d | ||
| 020 | _a9781138490277 | ||
| 082 | _a307.14 | ||
| 100 | _aDavid Donnison (Editor), Alan Middleton (Editor) | ||
| 245 | _aRegenerating the Inner City: Glasgow's Experience: | ||
| 260 | _bRoutledge | ||
| 942 | _2ddc | ||